Online
Catalog
Normal view MARC view

Entry Término temático

Number of records used in: 11

001 - NÚMERO DE CONTROL

  • campo de control: 10902

003 - IDENTIFICADOR DEL NÚMERO DE CONTROL

  • campo de control: OSt

005 - FECHA Y HORA DE LA ÚLTIMA TRANSACCIÓN

  • campo de control: 20200615032315.0

008 - DATOS DE LONGITUD FIJA

  • campo de control de longitud fija: 200615|| aca||aabn | a|a d

040 ## - FUENTE DE LA CATALOGACIÓN

  • Centro catalogador/agencia de origen: OSt
  • Centro/agencia transcriptor: OSt

150 ## - ENCABEZAMIENTO--TÉRMINO DE MATERIA

  • Término de materia o nombre geográfico como elemento de entrada: LITERATURA ESTADOUNIDENSE
  • Subdivisión cronológica: SIGLO XX
  • Subdivisión de forma: NOVELA

670 ## - FUENTE DE DATOS ENCONTRADOS

  • Cita de la fuente: Work cat.: (OSt)3342: Andrews, V. C. (Virginia C.) 10900, Flores en el ático /, 1981.

Powered by Koha